| 000 | 01504nam a2200433 c 4500 | ||
|---|---|---|---|
| 999 |
_c48865 _d48865 |
||
| 001 | 48865 | ||
| 003 | ES-MaCES | ||
| 005 | 20170213110240.0 | ||
| 008 | 170210s2016 sp | 000 | spa d | ||
| 017 |
_aGR 1296-2016 _bDL |
||
| 020 | _a9788490453636 | ||
| 040 |
_aES-MaCES _bspa _cES-MaCES |
||
| 100 | 1 |
_934810 _aRomero Coronado, Juan |
|
| 245 | 1 | 3 |
_aEl programa para el fomento del empleo agrario _b: hacia una estrategia global para la promoción del empleo en las zonas rurales _cJuan Romero Coronado |
| 260 |
_aGranada _bComares _c2016 |
||
| 300 |
_aXVIII, 198 p. _c24 cm |
||
| 490 | 1 |
_aColección Trabajo y Seguridad Social _v96 |
|
| 490 | 1 | _aBiblioteca Comares de ciencia jurídica | |
| 504 | _aBibliografía: p. 193-199 | ||
| 541 | _cCompra | ||
| 650 | 4 |
_aempleo agrícola _929488 |
|
| 650 | 4 |
_aempleo rural _929486 |
|
| 650 | 4 |
_adesempleo _928308 |
|
| 650 | 4 |
_adesempleo estacional _928305 |
|
| 650 | 4 |
_adesarrollo rural _928607 |
|
| 650 | 4 |
_adesarrollo agrícola _927491 |
|
| 650 | 4 |
_afomento del empleo _930270 |
|
| 650 | 4 |
_ainserción profesional _929942 |
|
| 650 | 4 |
_aformación profesional _927394 |
|
| 650 | 4 |
_atrabajador temporal _929204 |
|
| 650 | 4 |
_aEspaña _926964 |
|
| 650 | 4 |
_aplanificación de la mano de obra _928303 |
|
| 650 | 4 |
_arégimen jurídico _929894 |
|
| 653 | 1 | 0 | _aEmpleo |
| 830 | 0 |
_aColección Trabajo y Seguridad Social _v96 _933762 |
|
| 830 | 0 |
_aBiblioteca Comares de ciencia jurídica _932174 |
|
| 902 | _aLIB Libro | ||
| 942 |
_2CES _cBK _h2.1. |
||